| 000 | 00703nam a2200217 4500 | ||
|---|---|---|---|
| 003 | CBULib | ||
| 005 | 20250522094606.0 | ||
| 008 | 250522b |||||||| |||| 00| 0 eng d | ||
| 040 |
_aCBULib _bEnglish _cCBULib _erda |
||
| 041 | _aeng | ||
| 050 | _aCBU(02)1990/1 | ||
| 110 |
_91351 _aThe Copperbelt University(CBU) |
||
| 245 |
_aThe Copperbelt University : general information pamphlet _c/ by The Copperbelt University(CBU) |
||
| 260 |
_aKitwe : _bCopperbelt University, |
||
| 300 | _a11 pages | ||
| 336 |
_2rdacontent _aText | _btxt |
||
| 337 |
_2rdamedia _aUnmediated | _bn |
||
| 338 |
_2rdacarrier _aVolume _bnc |
||
| 650 | 0 |
_94599 _aTHE COPPERBELT UNIVERSITY. GENERAL INFORMATION |
|
| 942 |
_2mc _c030 |
||
| 999 |
_c86226 _d86226 |
||